000 01288nam a2200301 4500
001 0000014886
003 CO-CtgCURN
005 20250329191005.0
007 ta
008 160627s1992 000 0 eng d
020 _a9701001931
040 _aCO-CtgCURN
_bspa
_ccoctgcurn
082 0 _a657
_bM34c
100 1 _aMeigs, Robert F.
245 1 0 _aContabilidad :
_bla base para decisiones gerenciales /
_cRobert F. Weigs, Walter B. Meigs , traducción Gonzalo Sinisterra V. y Omar Bedoya Enriquez.
260 _aMexico :
_bMcgraw-Hill,
_c1992.
300 _axviii, 670 p.
336 _2rdacontent
337 _2rdamedia
_asin mediacion
_bn
338 _2rdacarrier
_avolumen
_bnc
500 _aIncluye preguntas y temas de repaso y Apendice.
505 8 _aCiclo contable.--Libro mayor.--Empresas comerciales.--Cuentas bancarias.--Cuentas por cobrar.--Inventarios.--Pasivos corrientes.--Sociedades de personas.--Sociedades por acciones.--Sociedades anonimas.--Bonos por pagar.--Medicion de flujos de efectivos.--Estados financieros.--Activos intangibles.--Medicion del Ingreso Comercial
650 1 4 _aContabilidad.
700 1 _aMeigs, Walter B.
908 _a160627
942 _cBK
_h657
_iM34c
_2ddc
999 _c10437
_d10437